| 000 | 01212nam a2200313 i 4500 | ||
|---|---|---|---|
| 001 | 9851 | ||
| 003 | ES-MaACL | ||
| 005 | 20250826043912.0 | ||
| 007 | t| | ||
| 008 | 940214s1993 sp |||| | spa d | ||
| 020 | _a84-87708-65-X | ||
| 080 | _a351.713:336.2(46) | ||
| 080 | _a336.2(46):351.713 | ||
| 100 | 1 |
_aBaena Aguilar, Angel. _924588 |
|
| 245 | 1 | 3 |
_aLa agencia tributaria frente al contribuyente, régimen jurídico y problemas de constitucionalidad / _cÁngel Baena Aguilar, Pedro Manuel Herrera Molina, Fernando Serrano Antón ; anexo legislativo elaborado por Miguel Ángel Martínez Lago. |
| 250 | _a1ª ed. | ||
| 260 |
_aGranada : _bComares, _c1993. |
||
| 300 |
_a182 p. ; _c22 cm. |
||
| 490 | 1 | _aBiblioteca Comares de ciencia jurídica | |
| 504 | _aBibliografía: p. 169-176. | ||
| 610 | 2 | 7 |
_aAgencia Estatal de Administración Tributaria (España) _91268 |
| 650 | 4 |
_aImpuestos- _zEspaña _913634 |
|
| 700 | 1 |
_aHerrera Molina, Pedro Manuel. _963228 |
|
| 700 | 1 |
_aSerrano Antón, Fernando. _9105732 |
|
| 700 | 1 |
_aMartínez Lago, Miguel Angel. _978173 |
|
| 830 | 0 |
_aBiblioteca Comares de ciencia jurídica _9179318 |
|
| 852 |
_aES-MaACL _jL-17313 |
||
| 999 |
_c9851 _d9851 |
||